MDQL
is popping MORE tags! Check the
thread
!
Quizzes
Events
Quiz Creation
Community
Videos
Private Events
Remove Ads
Sign In
Join for FREE
Feedback
Dark Mode
Quiz Categories
Sports
Geography
Music
Movies
Television
Just For Fun
Miscellaneous
History
Literature
Language
Science
Gaming
Entertainment
Religion
Holiday
For Kids
Quiz Lab
Recent
Popular Today
Quiz Kudos Today
Editor Picks
Curator Picks
Quizzes by...
Day
Popularity
Type
Ratings
Length
Year
Community
Subscriptions
Recent Discussions
Orange Saloon
Badges
Playlists
Quests
Create
Leaderboards
Showdown
Live 5
Trivia Bingo
Activity
Puzzle Library
Sporcle Events
Private Events
Virtual Trivia
Globe League
Become a Host
Pub Owners
SporcleCon
Opinionation
Our Games
Videos
Blog
Mobile Apps
Partnerships
Remove Ads and Go Orange
Feedback
Movies
Disney
Marvel Cinematic Universe
Movie Resume
Movie Titles
Oscar
Actor
Actress
Director
Pixar
Role
Movie Quotes
Movie Characters
Box Office
Nominee
Best Picture
Star Wars
James Bond
Horror Movies
Movies
Disney
Marvel Cinematic Universe
Movie Resume
Movie Titles
Oscar
Actor
Actress
Director
Pixar
Role
Movie Quotes
Movie Characters
Box Office
Nominee
Best Picture
Star Wars
James Bond
Horror Movies
Random Quiz
Search Sporcle
×
Quiz Lab
Quiz Lab
Movies
Actress
Type in answers that appear in a list
Type in answers that appear in a list
Classic
Best Score? Go Orange.
Best Supporting Actresses: Both Actresses and Movies Stats
Can you name the Best Supporting Actresses: Both Actresses and Movies?
By
DanTravers
18m
152 Questions
363 Plays
363 Plays
363 Plays
Comments
Comments
Give Quiz Kudos
Give Quiz Kudos
-
- Ratings
hide this ad
Replay
Link that replays current quiz
Next Quiz
Link to next quiz in quiz playlist
You Got
0%
They Got
Avg Score
83%
Avg Friend Score
Upgrade to see
Score Distribution
Jump to the score distribution portion of the page
Score
0/152
Timer
18:00
0
Plays Today
Year
% Correct
1979 (actress)
Meryl Streep
94.2%
1998 (actress)
Judi Dench
93.9%
1979 (movie)
Kramer vs. Kramer
92.8%
1988 (actress)
Geena Davis
92.8%
1998 (movie)
Shakespeare in Love
92.8%
1983 (actress)
Linda Hunt
92.6%
2011 (actress)
Octavia Spencer
92.2%
1978 (actress)
Maggie Smith
92%
2011 (movie)
The Help
91.8%
1939 (actress)
Hattie McDaniel
91.7%
2004 (actress)
Cate Blanchett
91.7%
1992 (actress)
Marisa Tomei
91.5%
1986 (actress)
Dianne Wiest
91.2%
1992 (movie)
My Cousin Vinny
91.2%
1994 (actress)
Dianne Wiest
91.2%
2002 (movie)
Chicago
91.2%
1939 (movie)
Gone with the Wind
90.9%
1995 (actress)
Mira Sorvino
90.9%
2002 (actress)
Catherine Zeta-Jones
90.9%
2003 (actress)
Renee Zellweger
90.6%
1986 (movie)
Hannah and Her Sisters
90.4%
2004 (movie)
The Aviator
90.1%
1993 (actress)
Anna Paquin
89.8%
2010 (actress)
Melissa Leo
89.8%
1977 (actress)
Vanessa Redgrave
89.5%
1994 (movie)
Bullets Over Broadway
89.5%
1995 (movie)
Mighty Aphrodite
89.5%
2003 (movie)
Cold Mountain
89.3%
2010 (movie)
The Fighter
89.3%
1988 (movie)
The Accidental Tourist
89%
2008 (actress)
Penelope Cruz
88.7%
1993 (movie)
The Piano
88.4%
2009 (actress)
Mo'Nique
88.2%
2009 (movie)
Precious
88.2%
1987 (actress)
Olympia Dukakis
87.9%
1990 (actress)
Whoopi Goldberg
87.9%
1983 (movie)
The Year of Living Dangerously
87.3%
1969 (actress)
Goldie Hawn
87.1%
1987 (movie)
Moonstruck
87.1%
1990 (movie)
Ghost
87.1%
1959 (actress)
Shelley Winters
86.8%
1965 (actress)
Shelley Winters
86.8%
1973 (actress)
Tatum O'Neal
86.2%
2001 (actress)
Jennifer Connelly
86.2%
1954 (actress)
Eva Marie Saint
86%
1961 (actress)
Rita Moreno
86%
1960 (actress)
Shirley Jones
85.7%
1978 (movie)
California Suite
85.7%
2000 (actress)
Marcia Gay Harden
85.7%
2008 (movie)
Vicky Cristina Barcelona
85.7%
1961 (movie)
West Side Story
85.4%
Year
% Correct
1996 (actress)
Juliette Binoche
85.4%
2000 (movie)
Pollock
85.4%
2001 (movie)
A Beautiful Mind
85.4%
1973 (movie)
Paper Moon
85.1%
1977 (movie)
Julia
85.1%
1981 (actress)
Maureen Stapleton
85.1%
1976 (movie)
Network
84.8%
1954 (movie)
On the Waterfront
84.6%
1976 (actress)
Beatrice Straight
84.6%
1969 (movie)
Cactus Flower
84.3%
1997 (actress)
Kim Basinger
84.3%
1942 (actress)
Teresa Wright
84%
1996 (movie)
The English Patient
84%
1951 (actress)
Kim Hunter
83.7%
1953 (actress)
Donna Reed
83.7%
2005 (actress)
Rachel Weisz
83.7%
1980 (actress)
Mary Steenburgen
83.5%
1991 (actress)
Mercedes Ruehl
83.5%
1936 (actress)
Gale Sondergaard
83.2%
1962 (actress)
Patty Duke
83.2%
1981 (movie)
Reds
83.2%
1982 (actress)
Jessica Lange
83.2%
1985 (actress)
Anjelica Huston
83.2%
1997 (movie)
L.A. Confidential
83.2%
2005 (movie)
The Constant Gardener
83.2%
1949 (actress)
Mercedes McCambridge
82.9%
1968 (actress)
Ruth Gordon
82.9%
1991 (movie)
The Fisher King
82.9%
1953 (movie)
From Here to Eternity
82.6%
1963 (actress)
Margaret Rutherford
82.6%
1972 (actress)
Eileen Heckart
82.6%
1938 (actress)
Fay Bainter
82.4%
1970 (actress)
Helen Hayes
82.4%
1985 (movie)
Prizzi's Honor
82.4%
1947 (actress)
Celeste Holm
82.1%
1968 (movie)
Rosemary's Baby
82.1%
1971 (actress)
Cloris Leachman
82.1%
1942 (movie)
Mrs. Miniver
81.8%
1949 (movie)
All the King's Men
81.8%
1980 (movie)
Melvin and Howard
81.8%
1999 (actress)
Angelina Jolie
81.8%
1972 (movie)
Butterflies Are Free
81.5%
1959 (movie)
The Diary of Anne Frank
81.3%
1967 (actress)
Estelle Parsons
81.3%
1970 (movie)
Airport
81.3%
1971 (movie)
The Last Picture Show
81.3%
1999 (movie)
Girl, Interrupted
81.3%
1944 (actress)
Ethel Barrymore
81%
1945 (actress)
Anne Revere
81%
1967 (movie)
Bonnie and Clyde
81%
1943 (actress)
Katina Paxinou
80.7%
Year
% Correct
1962 (movie)
The Miracle Worker
80.7%
1965 (movie)
A Patch of Blue
80.7%
1974 (actress)
Ingrid Bergman
80.7%
1982 (movie)
Tootsie
80.7%
1947 (movie)
Gentleman's Agreement
80.4%
1951 (movie)
A Streetcar Named Desire
80.4%
1960 (movie)
Elmer Gantry
80.4%
1984 (actress)
Peggy Ashcroft
80.4%
1984 (movie)
A Passage to India
80.4%
2007 (actress)
Tilda Swinton
80.4%
1956 (actress)
Dorothy Malone
80.2%
1963 (movie)
The V.I.P.s
80.2%
1940 (movie)
The Grapes of Wrath
79.6%
1957 (actress)
Miyoshi Umeki
79.6%
2006 (actress)
Jennifer Hudson
79.6%
1940 (actress)
Jane Darwell
79.3%
1941 (actress)
Mary Astor
79.3%
1957 (movie)
Sayonara
79.3%
2007 (movie)
Michael Clayton
79.3%
1945 (movie)
National Velvet
79.1%
1938 (movie)
Jezebel
78.8%
2006 (movie)
Dreamgirls
78.8%
1946 (actress)
Anne Baxter
78.5%
1966 (actress)
Sandy Dennis
78.5%
1966 (movie)
Who's Afraid of Virginia Woolf?
78.5%
1955 (actress)
Jo Van Fleet
78.2%
1974 (movie)
Murder on the Orient Express
78.2%
1937 (actress)
Alice Brady
78%
1943 (movie)
For Whom the Bell Tolls
77.7%
1955 (movie)
East of Eden
77.1%
1956 (movie)
Written on the Wind
77.1%
1952 (actress)
Gloria Grahame
76.9%
1964 (actress)
Lila Kedrova
76.9%
1964 (movie)
Zorba the Greek
76%
1936 (movie)
Anthony Adverse
75.8%
1937 (movie)
In Old Chicago
74.9%
1958 (actress)
Wendy Hiller
74.4%
1952 (movie)
The Bad and the Beautiful
74.1%
1975 (actress)
Lee Grant
74.1%
1946 (movie)
The Razor's Edge
73.8%
1950 (actress)
Josephine Hull
73.8%
1975 (movie)
Shampoo
73.6%
1950 (movie)
Harvey
72.7%
1958 (movie)
Separate Tables
72.7%
1989 (actress)
Brenda Fricker
72.7%
1989 (movie)
My Left Foot
72.7%
1941 (movie)
The Great Lie
72.5%
1948 (actress)
Claire Trevor
69.4%
1944 (movie)
None But the Lonely Heart
69.1%
1948 (movie)
Key Largo
68.6%
Quiz Playlist
Details
Report
Send in Message
Add To Playlist
Classic:
Type in answers that appear in a list
Last Updated: Feb 16, 2017
Quiz Scoreboard
CHALLENGE
Sign Up to Join the Scoreboard
Show All
Scores
Hide
Comments
May contain spoilers
Recently Published
Two Season TV Shows II
by 123Four
Television
10m
Image Sorting: Flags VI
by Barbecue
Geography
2m
Find the 'City' Movie
by crazypaving
Movies
60s
More to Explore
Quiz From the Vault
Featured Blog Post
14 Easter Pick-up Lines to Find Eggs With
hide this ad
You Might Also Like...
Tags
Actress Quiz
Movie Titles Quiz
Supporting
Supporting Actor
Today's Top Quizzes in Movies
Browse Movies
hide this ad
Today's Top Quizzes in Actress
Browse Actress
Top Contributed Quizzes in Movies
1
Find The 'Big' Movie
2
The ultimate James Bond movie quiz
3
Find The 'Wild' Movie
4
Find The 'Blue' Movie
5
Movies By Plot
6
Hidden Star Wars Character II
7
Pick 5 Posters: Directed by Spielberg
8
Hidden Star Wars Character III
9
Hidden Star Wars Character IV
10
25 Best Actor Nominees (1990s)
Explore More
Trending Topics
NBA
Marvel
Disney
Kpop
Crossword
Anime
Harry Potter
Song
Puzzle
Pokémon
NFL
Soccer
WWE
Country
The Office
hide this ad
More By:
DanTravers
Quiz
Plays
Rating
Category
Featured
Created
NBC Sitcom Last Name Extravaganza!
17,198
4.45
Television
Oct 18, 2017
Every Oscar Winning Actor EVER
8,717
4.13
Movies
May 11, 2011
Emmy - Drama Supporting Actor
7,644
4.47
Television
Sep 14, 2010
The Academy Awards: Volume 7
4,276
4.64
Movies
Feb 4, 2010
The Academy Awards: Volume 6
3,975
4.67
Movies
Feb 4, 2010
Go to Creator's Profile
Score Distribution
Quiz Creator Spotlight
DanTravers
Follow
Send a Message
Quizzes Created
-
Created Quiz Play Count
-
More By This Creator
Popular Quizzes Today
1
Find the US States - No Outlines Minefield
2
Colored Red Africa Blitz
3
Find the 'City' Movie
4
5x2 Blitz: Bands
5
The Countries of the World
6
Find the Countries of Europe - No Outlines Minefield
7
Find the US States
8
US States
More Movies Quizzes
Same Word, Different Movies IV
Published
Trending Quizzes
Colored Red Europe Blitz I
Colored Red Africa Blitz II
Colored Red Europe Blitz II
Colored Red Africa Blitz III
Colored Red Europe Blitz III
Recently Updated
How Do You Spell That?
pecheneg
Godzilla Movies
pecheneg
Grab Bag: 4-10 Letters
pecheneg
2024 March Madness Bracket
pecheneg
Famous TV Couples
Peacemaker
Champions League XIs: Real Madrid
pecheneg
Largest US Cities 1790-2010
pecheneg
Rides in Walt Disney World
pecheneg
Most Oscar Losses (Acting)
pecheneg
Beyoncé Albums
pecheneg
Trending Topics
Kpop
Anime
Crossword
Harry Potter
Marvel
Disney
NBA
NFL
Soccer
Song
Pokémon
WWE
The Office
Country
Puzzle
Your Account Isn't Verified!
In order to create a playlist on Sporcle, you need to verify the email address you used during registration. Go to your
Sporcle Settings
to finish the process.
Report this User
Report this user for behavior that violates our
Community Guidelines
.
Details:
Send Report
Go to the Sporcle.com Mobile Site →
Comments